<?xml version="1.0" encoding="UTF-8"?>
<record
    xmlns:xsi="http://www.w3.org/2001/XMLSchema-instance"
    xsi:schemaLocation="http://www.loc.gov/MARC21/slim http://www.loc.gov/standards/marcxml/schema/MARC21slim.xsd"
    xmlns="http://www.loc.gov/MARC21/slim">

  <leader>01188nam2a2200253   4500</leader>
  <controlfield tag="001">RU\NLR\BIBL_A\010826010</controlfield>
  <controlfield tag="005">20250614103102.0</controlfield>
  <datafield tag="010" ind1=" " ind2=" ">
    <subfield code="a">978-5-389-09843-5</subfield>
    <subfield code="9">2500</subfield>
  </datafield>
  <datafield tag="021" ind1=" " ind2=" ">
    <subfield code="a">RU</subfield>
    <subfield code="b">2015-53862</subfield>
    <subfield code="9">3181</subfield>
  </datafield>
  <datafield tag="035" ind1=" " ind2=" ">
    <subfield code="a">(NLR Aleph) 010826010</subfield>
  </datafield>
  <datafield tag="090" ind1=" " ind2=" ">
    <subfield code="a">10264486</subfield>
    <subfield code="c">10264486</subfield>
  </datafield>
  <datafield tag="100" ind1=" " ind2=" ">
    <subfield code="a">20150827d2015    |||y0rusy50      ca</subfield>
  </datafield>
  <datafield tag="101" ind1="1" ind2=" ">
    <subfield code="a">rus</subfield>
    <subfield code="c">eng</subfield>
  </datafield>
  <datafield tag="102" ind1=" " ind2=" ">
    <subfield code="a">RU</subfield>
  </datafield>
  <datafield tag="105" ind1=" " ind2=" ">
    <subfield code="a">a|||z|||000ay</subfield>
  </datafield>
  <datafield tag="200" ind1="1" ind2=" ">
    <subfield code="a">&#x41C;&#x435;&#x441;&#x442;&#x44C;</subfield>
    <subfield code="f">[&#x43F;&#x435;&#x440;. &#x441; &#x430;&#x43D;&#x433;&#x43B;. &#x422;. &#x413;&#x43E;&#x43B;&#x443;&#x431;&#x435;&#x432;&#x43E;&#x439;]</subfield>
  </datafield>
  <datafield tag="210" ind1=" " ind2=" ">
    <subfield code="d">2015</subfield>
    <subfield code="a">&#x411;. &#x43C;.</subfield>
  </datafield>
  <datafield tag="215" ind1=" " ind2=" ">
    <subfield code="a">318, [1] &#x441;.</subfield>
    <subfield code="c">&#x438;&#x43B;.</subfield>
  </datafield>
  <datafield tag="461" ind1=" " ind2="0">
    <subfield code="1">001RU\NLR\BIBL_A\010478043</subfield>
    <subfield code="1">2000#$a&#x413;&#x43B;&#x430;&#x434;&#x438;&#x430;&#x442;&#x43E;&#x440;$e[&#x440;&#x43E;&#x43C;&#x430;&#x43D;$e&#x434;&#x43B;&#x44F; &#x441;&#x440;&#x435;&#x434;&#x43D;&#x435;&#x433;&#x43E; &#x448;&#x43A;&#x43E;&#x43B;&#x44C;&#x43D;&#x43E;&#x433;&#x43E; &#x432;&#x43E;&#x437;&#x440;&#x430;&#x441;&#x442;&#x430;]$f&#x421;&#x430;&#x439;&#x43C;&#x43E;&#x43D; &#x421;&#x43A;&#x44D;&#x440;&#x440;&#x43E;&#x443;$g[&#x43F;&#x435;&#x440;. &#x441; &#x430;&#x43D;&#x433;&#x43B;. &#x410;&#x43D;&#x442;&#x43E;&#x43D;&#x438;&#x43D;&#x44B; &#x41A;&#x43E;&#x441;&#x442;&#x440;&#x43E;&#x432;&#x43E;&#x439;]$v&#x41A;&#x43D;. 4</subfield>
    <subfield code="1">700#1$a&#x421;&#x43A;&#x44D;&#x440;&#x440;&#x43E;&#x443;$b&#x421;.$g&#x421;&#x430;&#x439;&#x43C;&#x43E;&#x43D;</subfield>
    <subfield code="9">10053804</subfield>
    <subfield code="a">&#x421;&#x43A;&#x44D;&#x440;&#x440;&#x43E;&#x443;, &#x421;.</subfield>
    <subfield code="c">&#x421;&#x430;&#x43D;&#x43A;&#x442;-&#x41F;&#x435;&#x442;&#x435;&#x440;&#x431;&#x443;&#x440;&#x433; [&#x438; &#x434;&#x440;.]</subfield>
    <subfield code="d">2014</subfield>
    <subfield code="f">&#x421;&#x430;&#x439;&#x43C;&#x43E;&#x43D; &#x421;&#x43A;&#x44D;&#x440;&#x440;&#x43E;&#x443;</subfield>
    <subfield code="n">&#x410;&#x437;&#x431;&#x443;&#x43A;&#x430; [&#x438; &#x434;&#x440;.]</subfield>
    <subfield code="o">[&#x440;&#x43E;&#x43C;&#x430;&#x43D; : &#x434;&#x43B;&#x44F; &#x441;&#x440;&#x435;&#x434;&#x43D;&#x435;&#x433;&#x43E; &#x448;&#x43A;&#x43E;&#x43B;&#x44C;&#x43D;&#x43E;&#x433;&#x43E; &#x432;&#x43E;&#x437;&#x440;&#x430;&#x441;&#x442;&#x430;]</subfield>
    <subfield code="t">&#x413;&#x43B;&#x430;&#x434;&#x438;&#x430;&#x442;&#x43E;&#x440;</subfield>
    <subfield code="v">&#x41A;&#x43D;. 4</subfield>
  </datafield>
  <datafield tag="942" ind1=" " ind2=" ">
    <subfield code="c">BOOK</subfield>
  </datafield>
  <datafield tag="980" ind1=" " ind2=" ">
    <subfield code="a">NB</subfield>
  </datafield>
  <datafield tag="995" ind1=" " ind2=" ">
    <subfield code="5">2015-08-27</subfield>
    <subfield code="a">ad</subfield>
    <subfield code="b">NLR01</subfield>
    <subfield code="c">NLR01</subfield>
    <subfield code="e">RF8</subfield>
    <subfield code="f">1-1057423</subfield>
    <subfield code="k">2014-3/6650</subfield>
    <subfield code="o">0</subfield>
    <subfield code="r">BOOK</subfield>
    <subfield code="s">201436650_</subfield>
  </datafield>
  <datafield tag="995" ind1=" " ind2=" ">
    <subfield code="5">2015-08-27</subfield>
    <subfield code="a">ad</subfield>
    <subfield code="b">NLR01</subfield>
    <subfield code="c">NLR01</subfield>
    <subfield code="e">RF8</subfield>
    <subfield code="f">1-1057424</subfield>
    <subfield code="k">2014-3/6650</subfield>
    <subfield code="o">0</subfield>
    <subfield code="r">BOOK</subfield>
    <subfield code="s">201436650_</subfield>
  </datafield>
</record>
